| Tag |
First Indicator |
Second Indicator |
Subfields |
| LEADER |
00000cam a2200000 4500 |
| 001 |
in00003855021 |
| 005 |
20190415183738.0 |
| 006 |
m o d |
| 007 |
cr |n||||||||n |
| 008 |
970618s1799 ie |||| o 00||||lat c |
| 035 |
|
|
|a (CU-RivES)N68435
|
| 035 |
|
|
|a (Uk-ES)006063724
|
| 035 |
|
|
|a (OCoLC)508320774
|
| 040 |
|
|
|a CU-RivES
|c CU-RivES
|d CU-RivES
|d Cengage Gale
|d UtOrBLW
|
| 050 |
|
4 |
|a AC4
|b .S454 1799
|
| 245 |
0 |
0 |
|a Selectæ e profanis scriptoribus historiæ. Quibus admista sunt varia honeste vivendi præcepta, ex iis scriptoribus deprompta.
|
| 250 |
|
|
|a Nova editio, prioribus longè emendatior.
|
| 264 |
|
1 |
|a Dublinii :
|b Impensis P. Wogan,
|c 1799.
|
| 300 |
|
|
|a 1 online resource (xvi, 8 unnumbered pages, 320 pages)
|
| 336 |
|
|
|a text
|b txt
|2 rdacontent
|
| 337 |
|
|
|a computer
|b c
|2 rdamedia
|
| 338 |
|
|
|a online resource
|b cr
|2 rdacarrier
|
| 500 |
|
|
|a Compiled by Jean Heuzet.
|
| 510 |
4 |
|
|a English Short Title Catalog,
|c N68435.
|
| 500 |
|
|
|a Reproduction of original from Trinity College Library.
|
| 500 |
|
|
|a Electronic resource.
|
| 650 |
|
0 |
|a Maxims.
|0 http://id.loc.gov/authorities/subjects/sh85082368
|
| 655 |
|
7 |
|a Electronic books.
|2 local
|
| 700 |
1 |
|
|a Heuzet, Jean,
|d approximately 1660-1728.
|0 http://id.loc.gov/authorities/names/n85387597
|
| 710 |
2 |
|
|a Gale (Firm)
|0 http://id.loc.gov/authorities/names/no2008071348
|
| 752 |
|
|
|a Ireland
|d Dublin.
|
| 856 |
4 |
0 |
|u http://proxy.library.tamu.edu/login?url=http://find.galegroup.com/ecco/infomark.do?contentSet=ECCOArticles&docType=ECCOArticles&bookId=1698100300&type=getFullCitation&tabID=T001&prodId=ECCO&docLevel=TEXT_GRAPHICS&version=1.0&source=library&userGroupName=txshracd2898
|z Connect to the full text of this electronic book
|t 0
|
| 999 |
f |
f |
|s 4cc7e896-aaab-3860-931c-b0ae1946661b
|i a548251e-9e9b-3c27-9d86-c5f4f1e53dca
|t 0
|
| 952 |
f |
f |
|a Texas A&M University
|b College Station
|c Electronic Resources
|d Available Online
|t 0
|e AC4 .S454 1799
|h Library of Congress classification
|
| 998 |
f |
f |
|a AC4 .S454 1799
|t 0
|l Available Online
|